Právo v nevýrobních odvětvích

Uložené v:
Podrobná bibliografia
Korporativný autor: Vysoká škola ekonomická v Praze. Obchodní fakulta
Médium: Kniha
Jazyk:Czech
Vydavateľské údaje: Praha Vysoká škola ekonomická 1988
Vydanie:1. vyd.
Tagy: Pridať tag
Žiadne tagy, Buďte prvý, kto otaguje tento záznam!

MARC

LEADER 00000nam a2200000 4500
001 c033182
005 20221219085548.2
041 0 |a cze 
044 |a CZ 
245 1 0 |a Právo v nevýrobních odvětvích 
250 |a 1. vyd. 
264 1 |a Praha  |b Vysoká škola ekonomická  |c 1988 
300 |a 125 s. 
710 2 |a Vysoká škola ekonomická v Praze. Obchodní fakulta